Sudden Death: Independent Countries - Statistics

General Stats
  • This quiz has been taken 187 times
  • The average score is 7 of 8
Answers on the Grid
Answers color-coded by a green-red scale on the quiz's grid according to % correct below.
Canada
Greenland
Germany
Bahamas
Bermuda
Réunion
San Marino
Kiribati
Mayotte
Aruba
Jamaica
Hawaii
Philippines
Guam
Equatorial Guinea
Crete
 
Answer Stats
Answer % Correct
Germany
98%
Canada
97%
San Marino
92%
Bahamas
91%
Philippines
91%
Equatorial Guinea
89%
Jamaica
89%
Kiribati
88%
No matching quizzes found
Score Distribution
Percent of People with Each Score
Percentile by Number Answered
Your Score History
You have not taken this quiz